000 00911nam a2200253Ia 4500
003 OSt
005 20221005112957.0
006 a|||||r|||| 00| 0
007 ta
008 221004b |||||||| |||| 00| 0 pan d
020 _a9788171167135 (hbk)
_cINR 270.00
024 _a45027
037 _bSP/6266, 11/02/2019, Star Publications Pvt. Ltd.
_cTextual
040 _aCRL
_cCRL
_bpan
041 _2pan
_apan
082 _aO153:g, Q8
100 _aਸਿੰਘ, ਨਰਿੰਦਰ, ਂਚ.
245 0 _aਸਾਹਿਤ-ਰੂਪ ਅਤੇ ਰੂਪਾਕਾਰ
260 _aਦਿੱਲੀ
_bਨੈFਨਲ ਬੁਕ Fਾਪ ਭਾਰਤ
_c2018
300 _a128ਪ੍ਰ0
_ccm.
650 _aਪੰਜਾਬੀ ਸਾਹਿਤ
942 _hO153:g, Q8
_cTEXL
_2cc
999 _c1026624
_d1026624